000 00727nam a2200205Ia 4500
001 10149
003 GE_BSU
008 181216s||||||||xx |||||||||||||| ||und||
040 _cGE_BSU
080 _a821.353.1–32+821.353.1-31
100 _aსულიაშვილი,დავით
245 _aრჩეულ: მოთხრობები,რომანი
245 _cრედ.კ.ბობოხიძე.მხატვ.ილ.ტატიშვილი
260 _aთბილისი
260 _bსახელგამი
260 _c1956
300 _a490გვ .1ფ.პორტრ.20სმ.
653 _aრჩეულ: მოთხრობები,რომანი
942 _cBK
999 _c43419
_d43419